U.S. Presidents - Sudden Death - Statistics

General Stats
  • This quiz has been taken 178,360 times
  • The average score is 10 of 18
Answers on the Grid
Answers color-coded by a green-red scale on the quiz's grid according to % correct below.
Bryan
Clay
Cleveland
Clinton
Columbus
Cook
Davis
Eisenhower
Ford
Franklin
Garfield
Garner
Grant
Harding
Harrison
Hoover
Jackson
Johnson
Lincoln
Madison
Marshall
McKinley
Monroe
Pierce
Scott
Smith
Tyler
Walker
Washington
Young
 
Answer Stats
Answer % Correct
Clinton
83%
Cleveland
68%
Eisenhower
68%
Ford
64%
Washington
61%
Lincoln
59%
Hoover
55%
Garfield
52%
Johnson
51%
Jackson
50%
Grant
49%
Monroe
49%
Madison
48%
McKinley
47%
Harrison
45%
Harding
42%
Tyler
39%
Pierce
38%
No matching quizzes found
Score Distribution
Percent of People with Each Score
Percentile by Number Answered
Your Score History
You have not taken this quiz